judicial

¿Dolo o culpa? (Registro nro. 6492)

Detalles MARC
000 -LEADER
fixed length control field 00783nam a22002897a 4500
003 - CONTROL NUMBER IDENTIFIER
control field OSt
005 - DATE AND TIME OF LATEST TRANSACTION
control field 20251002121120.0
007 - PHYSICAL DESCRIPTION FIXED FIELD--GENERAL INFORMATION
fixed length control field ta
008 - FIXED-LENGTH DATA ELEMENTS--GENERAL INFORMATION
fixed length control field 251002s2025 ag ||||| |||| 00| 0 spa d
020 ## - INTERNATIONAL STANDARD BOOK NUMBER
International Standard Book Number 9789505745449
040 ## - CATALOGING SOURCE
Transcribing agency cj catamarca
082 ## - DEWEY DECIMAL CLASSIFICATION NUMBER
Classification number 343.2 Z17d
100 1# - MAIN ENTRY--PERSONAL NAME
9 (RLIN) 281
Personal name Zaffaroni, Eugenio Raul
245 11 - TITLE STATEMENT
Title ¿Dolo o culpa?
Remainder of title La cuestion de la culpa temeraria
250 ## - EDITION STATEMENT
Edition statement 1° ed.
260 ## - PUBLICATION, DISTRIBUTION, ETC.
Place of publication, distribution, etc. CABA:
Name of publisher, distributor, etc. Ediar,
Date of publication, distribution, etc. 2025
300 ## - PHYSICAL DESCRIPTION
Extent 116 p.
Dimensions 21 cm
500 ## - GENERAL NOTE
General note INVENTARIO N° 8115
650 #7 - SUBJECT ADDED ENTRY--TOPICAL TERM
Source of heading or term SAIJ
653 ## - INDEX TERM--UNCONTROLLED
Uncontrolled term DERECHO PENAL
653 ## - INDEX TERM--UNCONTROLLED
Uncontrolled term DOLO
653 ## - INDEX TERM--UNCONTROLLED
Uncontrolled term DOLO EVENTUAL
653 ## - INDEX TERM--UNCONTROLLED
Uncontrolled term LEY 27.347
700 10 - ADDED ENTRY--PERSONAL NAME
9 (RLIN) 282
Personal name Espina, Nadia S.
856 ## - ELECTRONIC LOCATION AND ACCESS
Uniform Resource Identifier <a href="https://drive.google.com/file/d/1uqWkYOtjFjvqFg3gC1RrmQKt-LKC9Ctx/view?usp=sharing">https://drive.google.com/file/d/1uqWkYOtjFjvqFg3gC1RrmQKt-LKC9Ctx/view?usp=sharing</a>
942 ## - ADDED ENTRY ELEMENTS (KOHA)
Source of classification or shelving scheme Dewey Decimal Classification
Koha item type Book
Suppress in OPAC No
Existencias
Withdrawn status Lost status Source of classification or shelving scheme Damaged status Not for loan Home library Current library Date acquired Source of acquisition Total Checkouts Full call number Barcode Date last seen Price effective from Koha item type
    Dewey Decimal Classification     PJCB PJCB 10/02/2025 Compra   343.2 Z17d 8115 10/02/2025 10/02/2025 Book
-->
  •  poder judicial

    Con tecnología Koha